000 00360nam a2200133Ia 4500
008 220217s9999||||xx |||||||||||||| ||und||
020 _a81-297-0083-2
082 _a006.42 JAI
100 _aJain, Anil, K
245 0 _aFundamentals of digital image processing
260 _aPearson education asia
_bDelhi
_c2003
300 _b225
650 _aMULTIMEDIA
999 _c171501
_d171501